1677 1770 1763 1412 1021 1090 1188 1329 1448 1203 1767 1886 1462 1396 1513 1496 1209 1756 1369 1589 1990 1367 1698 1749 1365 1296 1871 1788 1578 1562 1764 1280 1324 1946 1204 1083 1213 1370 1146 1055 1071 1644 1533 1274 1616 1201 1894 1353 1517 1911 1832 1915 1445 1956 1404 1103 1362 1418 1178 1005 1528 1174 1689 1640 1826 1927 1545 1702 1125 1581 1669 1005 1431 1926 1116 1404 1138 1067 1105 1032 1258 1588 1800 1793 1948 1455 1057 1647 1885 1098 1504 1646 1080 1469 1421 1116 1460 1482 1995 BCNSPRNW ULIB Ver.6.0+V

เปลี่ยนเป็นภาษาไทย

Change to English
 แสดงรายละเอียดบรรณานุกรม
  กลับหน้าหลัก

Brief Record : Get Marc (ISO 2709) : E-mail record : QR code < ปิดหน้าต่าง
LEADER : 00000nam 2200000uu 4500
001    13399121704
003     ULIB
008    121129s2548||||th 000 0 tha d
020    ^a9749941128
060  4 ^aWS100^bน315I
245 00 ^aInteresting Topics in Pediatrics : Implication for General Practice /^cนวลจันทร์ ปราบพาล ... [และคนอื่นๆ], บรรณาธิการ
250    ^aพิมพ์ครั้งที่ 1
260    ^aกรุงเทพฯ :^bภาควิชากุมารเวชศาสตร์ คณะแพทยศาสตร์จุฬาลงกรณ์มหาวิทยาลัย, 2548
300    ^a312 หน้า :^bภาพประกอบ, แผนภูมิ
650  7 ^aกุมารเวชศาสตร์
650  7 ^aไข้หวัดใหญ่
650  7 ^aระบาดวิทยา
650  7 ^aโรคภูมิแพ้
650  7 ^aไวรัสเดงกี้
650  7 ^aอาการท้องผูก
650  7 ^aCord Blood Stem Cell
650  7 ^aNutrition and Cognition
700 0  ^aนวลจันทร์ ปราบพาล
710 2  ^aจุฬาลงกรณ์มหาวิทยาลัย.^bภาควิชากุมารเวชศาสตร์
945    ^p0^l0^i17708
995    ^aวิภา
999 ^a ใช้งานได้ทุกระบบ
รายการนี้ยังไม่มีแท็ก
คุณยังไม่ได้ล็อกอิน คุณสามารถมีกิจกรรมร่วมกับเว็บไซต์ได้ แต่ต้องล็อกอินก่อน ::
  ล็อกอิน

รายการสื่อสารสนเทศ

ลำดับที่ ประเภท เลขเรียก/บาร์โค้ด สถานที่ สถานะ
1. วิทยาศาสตร์การแพทย์ และสุขภาพ
วิทยาศาสตร์การแพทย์ และสุขภาพ
WS100 น315I  
  Barcode: 17708
ห้องสมุดวิทยาเขตสวรรค์ประชารักษ์
►หนังสือทั่วไป
บนชั้น

รายการใกล้เคียง
    หัวเรื่อง [กุมารเวชศาสตร์]
    หัวเรื่อง [ไข้หวัดใหญ่]
    หัวเรื่อง [ระบาดวิทยา]
    หัวเรื่อง [โรคภูมิแพ้]

BibComment


ยังไม่เคยถูกคอมเมนท์

คอมเมนท์ทรัพยากรรายการนี้
  คอมเมนท์: Interesting Topi..


 Copyright 2026. Bcnsprnw @Library